000 00381nam a22001577a 4500
003 MPLRDC
005 20220104114514.0
008 210129b ||||| |||| 00| 0 eng d
082 _a856.9 CX
100 _a程羲编著
245 _a中国历代轶闻
_c
260 _a
_b大方文化事业公司
_c
300 _b
650 _a函牍及杂著--杂项
942 _cBK
_o856.9 CX
999 _c8002
_d7992